Rubrum Claustrum das Rote Kloster 1320-2007 : [... im Rahmen des Projekts "Mehrsprachige Museen"]

Bibliographic Details
Main Authors: Števík, Miroslav, 1965- (Author), Fetko, Filip (Author, Translator, Photographer, Bookjacket designer)
Other Authors: Timková, Michaela, 1977- (Photographer), Sás, Pavol (Photographer), Česla, Jozef (Illustrator)
Format: Book
Language:German
Slovak
PhysicalDescription:39 s., [4] s. obr. príl. erby, fotogr., ilustr. 21 cm
Published: Stará Ľubovňa Ľubovnianske múzeum 2007
ISBN:9788096923458 (brož.)
Edition:1te Ausg.
Subjects:

MARC

LEADER 00000nam a2200000 a 4500
001 vtls009143348
003 SK-MaSNL
005 20260301023524.0
008 240318s2007 xo oab g f 000 0 ger
015 |a SNBE2007/04-01342 
020 |a 9788096923458 (brož.) 
040 |a SNK  |b slo  |c SNK  |e AACR2 
041 1 |a ger  |h slo 
043 |a e-xo--- 
044 |a xo  |c SK 
072 7 |a 27-78  |x Kresťanské združenia, spolky a organizácie. Rehoľné rády  |2 konspekt 
080 |a 27-523.6-788/-1/-9  |2 2001 
080 |a 27-789  |2 2001 
080 |a 27-789.24  |2 2001 
080 |a 27-4  |2 2001 
080 |a 27-788-1/-9  |2 2001 
080 |a 27-9  |2 2001 
080 |a (437.6)  |2 2001 
080 |a (036)  |2 2001 
100 1 |a Števík, Miroslav,  |d 1965-  |4 aut  |9 154476 
245 1 0 |a Rubrum Claustrum  |b das Rote Kloster 1320-2007 : [... im Rahmen des Projekts "Mehrsprachige Museen"]  |c Miroslav Števík, Filip Fetko ; [Übersetzung: Filip Fetko ; Photographien: Michaela Timková, Pavol Sás, Filip Fetko ; Illustrationen: Jozef Česla] 
250 |a 1te Ausg. 
260 |a Stará Ľubovňa  |b Ľubovnianske múzeum  |c 2007 
300 |a 39 s., [4] s. obr. príl.  |b erby, fotogr., ilustr.  |c 21 cm 
366 |e 300 výt. 
504 |a Bibliografia s. 37-38 
610 2 7 |a Červený kláštor (Slovensko : kláštor)  |2 SNKKA  |9 36538 
648 7 |a 1320-2007  |2 SNK  |9 316017 
650 0 7 |a kresťanské kláštory  |2 SNKPH  |9 83408 
650 0 7 |a rehoľné rády  |2 SNKPH  |9 67509 
650 0 7 |a kartuziáni  |2 SNKPH  |9 107139 
650 0 7 |a kamalduli  |2 SNKPH  |9 55657 
650 0 7 |a náboženský život  |2 SNKPH  |9 1995 
650 0 7 |a rehoľný život  |2 SNKPH  |9 67225 
650 0 7 |a cirkevné dejiny  |2 SNKPH  |9 3909 
651 7 |a Červený Kláštor (Slovensko)  |2 SNKPHgeo  |9 22364 
655 7 |a informačné publikácie  |2 SNKPH  |9 70181 
700 1 |a Fetko, Filip  |4 aut  |4 trl  |4 pht  |4 bjd  |9 316018 
700 1 |a Timková, Michaela,  |d 1977-  |4 pht  |9 314649 
700 1 |a Sás, Pavol  |4 pht  |9 315002 
700 1 |a Česla, Jozef  |4 ill  |9 284784 
919 |a 978-80-969234-5-8 
958 |a OP 
958 |a NB 
958 |a NT 
999 |c 569340  |d 571270 
952 |a SNK  |b SNK  |y PREZ  |7 0  |p 17A0562929  |o snkOSC 24092  |i snk2007/21044  |8 0  |0 0  |1 0  |4 0  |d 2007-09-25  |l 0  |r 2026-02-23 14:10:28  |w 2026-02-23 
952 |a SNK  |b SNK  |y VYP  |7 0  |p 17A0562928  |o snkOSC 24092 D1  |i snk2007/21045  |8 0  |0 0  |1 0  |4 0  |d 2007-09-25  |l 0  |r 2026-02-23 14:10:28  |w 2026-02-23